000 00316nam a22001337a 4500
008 180814b xxu||||| |||| 00| 0 eng d
041 _aeng
080 _a37
082 _a37
100 _a25
101 _aEDU
245 _aTreatment of hyperactive and learning disordered children
_cKnights.R.M
942 _2udc
_cBK
999 _c47144
_d47144